Significance of indian medical plants and mushrooms / (Record no. 195660)

MARC details
000 -LEADER
fixed length control field 00588nam a22001817a 4500
005 - DATE AND TIME OF LATEST TRANSACTION
control field 20230412171534.0
010 ## - LCCN (DPL NO)
LC control number ENG-136665
020 ## - INTERNATIONAL STANDARD BOOK NUMBER
International Standard Book Number 9789390627011
Terms of availability 800.00
035 ## - SYSTEM CONTROL NUMBER
System control number EN-120197
037 ## - SOURCE OF ACQUISITION
Source of stock number/acquisition DBAD/PUB
082 ## - DEWEY DECIMAL CLASSIFICATION NUMBER
Classification number 581.634
245 00 - TITLE STATEMENT
Title Significance of indian medical plants and mushrooms /
Statement of responsibility, etc Edited by Ved Prakash
260 ## - PUBLICATION, DISTRIBUTION, ETC. (IMPRINT)
Place of publication, distribution, etc Gujrat
Name of publisher, distributor, etc Krishna Publication House
Date of publication, distribution, etc 2020
270 ## - ADDRESS
Address 303 yash kunj apartment Devbaug Anantwadi Bhvnagar
City Gujarat
Postal code 364002
300 ## - PHYSICAL DESCRIPTION
Extent 476p.;
Dimensions 22cm(pbk)
700 ## - ADDED ENTRY--PERSONAL NAME
Personal name Ved Prakash
Relator term Editor
942 ## - ADDED ENTRY ELEMENTS (KOHA)
Source of classification or shelving scheme Dewey Decimal Classification
Item type English Books
Call number suffix SIG
Classification part 581.634
Holdings
Withdrawn status Lost status Not for loan Collection code Home library Current library Date acquired Source of acquisition Cost, normal purchase price Full call number Barcode Copy number Cost, replacement price Koha item type
      Non-fiction Ashok Vihar Ashok Vihar 12/04/2023 DBAD/PUB 800.00 581.634 SIG EN-120197 1 800.00 English Books

© Delhi Public Library
Hit Counter
free hit counter